000 01178 a2200169 4500
020 _a0451198379 (paperback)
020 _a9780451198372 (paperback)
082 0 4 _a016.7914375
090 _c4459
_d4459
100 1 _aMaltin, Leonard.
245 1 0 _aLeonard maltin's movie and video guide 2000 /
_cLeonard Maltin.
260 _a[S.l.] :
_bSignet,
_c1999.
300 _a1664 p. ;
_c18 cm.
520 _aThe #1 Bestseller It's the year 2000. Time to buy a new video guide. * Special new feature: Maltin's 100 "must-see" movies of the century * 400 new entries, more than 20,000 in all * Symbols to flag 14,000+ films available on video, 9,000+ on laser disc, and 1,000+ on DVD * Updated and expanded index of stars "The best movie and video guide just got better."-- Chicago Tribune "Head and shoulders above the rest."-- New York Times "Easily the most comprehensive work of its kind anywhere. It belongs next to every TV and VCR in every home."-- USA Today "Inch for inch, dollar for dollar, Maltin's book gives you the most."-- Boston Sunday Herald.
856 4 0 _3Amazon.com
_uhttp://www.amazon.com/exec/obidos/ASIN/0451198379/chopaconline-20
942 _aNBS
_cBK
_k016.79143 MAL
999 _c346902
_d346902